[Event "Lone Pine op"]
[Site "Lone Pine"]
[Date "1978.??.??"]
[Round "2"]
[White "Whitehead, Paul A"]
[Black "Westerinen, Heikki MJ"]
[Result "0-1"]
[WhiteElo "2320"]
[BlackElo "2450"]

1.Nf3 d5 2.g3 Nf6 3.Bg2 c6 4.b3 Bf5 5.Bb2 e6 6.O-O Be7 7.d3 h6 8.Nbd2 O-O
9.Qe1 Bh7 10.e4 dxe4 11.dxe4 a5 12.a3 Nbd7 13.Qe2 Qb6 14.Rad1 Rfd8 15.e5 Nd5
16.Ne4 Nc5 17.Nfd2 Qa6 18.Qxa6 Nxa6 19.Rfe1 Nb6 20.Kf1 Rd7 21.Ke2 Bg6 22.Bf3 Rad8
23.Bc3 Nd5 24.Bb2 Nc5 25.c4 Nb6 26.Bc3 Rxd2+ 27.Bxd2 Nxe4 28.Bxa5 Ra8 29.Bxb6 Nc3+
30.Kf1 Nxd1 31.Rxd1 Rxa3 32.Kg2 Rxb3 33.c5 Rc3 34.Rd7 Bxc5 35.Bxc5 Rxc5 36.Rxb7 Bd3
37.Rc7 Bb5 38.Be4 g6 39.h4 Kg7 40.Rc8 Rc1 41.Rb8 Re1 42.Kf3 Be2+ 43.Kg2 Bf1+
44.Kf3 Be2+ 45.Ke3 Bb5+ 46.Kf3 Ba4 47.Rb4 Bd1+ 48.Kf4 c5 49.Rc4 Bb3 50.Rc3 c4
51.Bc6 Re2 52.f3 f6 53.exf6+ Kxf6  0-1

[Event "Lvov zt"]
[Site "Lvov"]
[Date "1978.??.??"]
[Round "6"]
[White "Romanishin, Oleg M"]
[Black "Vaganian, Rafael A"]
[Result "1-0"]
[WhiteElo "2610"]
[BlackElo "2570"]

1.Nf3 d5 2.g3 c5 3.Bg2 g6 4.d4 cxd4 5.Nxd4 Bg7 6.Nb3 e6 7.O-O Nc6 8.e4 Nge7
9.exd5 exd5 10.c3 O-O 11.Re1 b6 12.Na3 Ba6 13.Nc2 Qd7 14.Nbd4 Rfe8 15.Bg5 Ne5
16.Nb4 Bb7 17.a4 Nf5 18.a5 bxa5 19.Nbc2 Nc4 20.Rxe8+ Rxe8 21.Bh3 Nxb2 22.Qb1 Nc4
23.Nxf5 gxf5 24.Nd4 Nd6 25.Bf4 Be5 26.Bxe5 Rxe5 27.Rxa5 Qc7 28.Ra3 a5 29.Qc1 Qe7
30.Ra1 f4 31.gxf4 Rh5 32.Bg2 Ne4 33.Qe3 Qh4 34.Nf3 Qf6 35.Qa7 Qxc3 36.Qxa5 Rf5
37.Qxc3 Nxc3 38.Ra7 Bc6 39.Nd4 Rf6 40.Rc7 Kg7 41.Nxc6 Ne2+ 42.Kf1 Nxf4 43.Nd4 Ra6
44.Ne2 Ne6 45.Rc1 d4 46.Rd1 d3 47.Nc1 Ra1 48.Ke1 Nc5 49.Bf1 Ra6 50.Nxd3 Re6+
51.Be2  1-0

[Event "CSR-ch"]
[Site "Marianske Lazne"]
[Date "1978.??.??"]
[Round "4"]
[White "Augustin, Josef"]
[Black "Tichy, Vladimir"]
[Result "0-1"]
[WhiteElo "2430"]
[BlackElo "2200"]

1.Nf3 d5 2.g3 Bg4 3.Bg2 Nd7 4.d4 e6 5.O-O Ngf6 6.c4 c6 7.Nbd2 Be7 8.b3 O-O
9.Bb2 a5 10.Ne1 a4 11.f3 Bh5 12.Nd3 c5 13.Nf4 a3 14.Bc3 cxd4 15.Bxd4 e5 16.Nxh5 exd4
17.Nxf6+ Nxf6 18.Qc2 Re8 19.Kh1 Rc8 20.Qd3 Bb4 21.Rad1 Bc3 22.Nb1 Re3 23.Qc2 Bb2
24.Rd3 Qe7 25.Rxe3 Qxe3 26.f4 Ne4 27.Bf3 b5 28.Kg2 bxc4 29.bxc4 Rxc4 30.Qd3 Qxd3
31.exd3 Rc2+ 32.Kg1 Nc3 33.Re1 g6 34.g4 Nxa2 35.Bxd5 Rc1 36.Kf1 Nb4  0-1

[Event "CSR-ch"]
[Site "Marianske Lazne"]
[Date "1978.??.??"]
[Round "17"]
[White "Neckar, Lubomir"]
[Black "Tichy, Vladimir"]
[Result "1-0"]
[WhiteElo "2340"]
[BlackElo "2200"]

1.Nf3 d5 2.g3 Bg4 3.Bg2 Nd7 4.c4 c6 5.cxd5 cxd5 6.Nc3 e6 7.Qb3 Bxf3 8.Bxf3 Qb6
9.Qxb6 Nxb6 10.d3 Nf6 11.Be3 Nfd7 12.Rc1 a6 13.Bd4 f6 14.e4 Bc5 15.Bxc5 Nxc5
16.Ke2 d4 17.Nb5 axb5 18.Rxc5 Rxa2 19.Rxb5 Na4 20.Rxb7 O-O 21.Rc1 Rxb2+ 22.Rxb2 Nxb2
23.Ra1 Rb8 24.Bg4 Kf7 25.Ra7+ Kg6 26.Bxe6 Rb4 27.Bf7+ Kh6 28.Ra5 g6 29.Ra7 Na4
30.Bg8 g5 31.Bxh7 Nc5 32.Bf5 Rb7 33.Ra2 Kg7 34.Rc2 Na4 35.Rc4 Nc3+ 36.Kf3 Rb2
37.Rxd4 Nd1 38.Rd7+ Kf8 39.Kg4 Rxf2 40.Kh5 Ke8 41.Ra7 Rxh2+ 42.Kg6 Rd2 43.Kxf6 Rxd3
44.e5 Rd8 45.e6  1-0

[Event "Kringsja"]
[Site "Oslo"]
[Date "1978.??.??"]
[Round "3"]
[White "Kristiansen, Tor"]
[Black "Lundin, Erik"]
[Result "1-0"]
[WhiteElo "2320"]
[BlackElo "2375"]

1.Nf3 d5 2.g3 Nf6 3.Bg2 Nc6 4.c4 d4 5.Qa4 Nd7 6.b4 e6 7.a3 Be7 8.O-O O-O
9.Bb2 Bf6 10.d3 e5 11.Nbd2 g6 12.Qc2 Bg7 13.e3 dxe3 14.fxe3 a5 15.Bc3 Qe7
16.b5 Nd8 17.d4 Ne6 18.Rae1 Ng5 19.c5 Nxf3+ 20.Bxf3 Nf6 21.Nc4 e4 22.Bg2 a4
23.Ne5 Be6 24.c6 Qxa3 25.cxb7 Rab8 26.Nc6 Rxb7 27.Bb4 Qb3 28.Qxb3 Bxb3 29.Bxf8 Kxf8
30.Rc1 Rxb5 31.Ne5 Ne8 32.Nd7+ Ke7 33.Bxe4 Bh6 34.Rfe1 Nd6 35.Bc6 Rb4 36.Ne5 Nf5
37.Be4 Kf8 38.Bxf5 gxf5 39.Rxc7 a3 40.Nd3 Rb5 41.Rc5 Rb6 42.Ra5 a2 43.Nc5 Kg7
44.Nxb3 Rxb3 45.Kf2  1-0

[Event "Roskilde"]
[Site "Roskilde"]
[Date "1978.??.??"]
[Round "5"]
[White "Filipowicz, Andrzej"]
[Black "Rajna, George"]
[Result "1/2-1/2"]
[WhiteElo "2360"]
[BlackElo "2410"]

1.Nf3 d5 2.g3 Nf6 3.Bg2 e6 4.O-O Be7 5.c4 O-O 6.b3 c5 7.Bb2 Nc6 8.e3 b6 9.d4 Bb7
10.Nc3 dxc4 11.Ne5 Qc8 12.Nxc4 Rd8 13.Nb5 cxd4 14.exd4 Nb4 15.Bf3 Qd7 16.a4 Bd5
17.Ba3 Rac8 18.Bxd5 Nfxd5 19.Rc1 a6 20.Bxb4 Bxb4 21.Nba3 b5 22.axb5 axb5
23.Ne5 Bxa3 24.Nxd7 Bxc1 25.Qxc1 Rxc1 26.Rxc1 b4 27.Rc4 g6 28.Nc5  1/2-1/2

[Event "Roskilde"]
[Site "Roskilde"]
[Date "1978.??.??"]
[Round "7"]
[White "Filipowicz, Andrzej"]
[Black "Westerinen, Heikki MJ"]
[Result "1/2-1/2"]
[WhiteElo "2360"]
[BlackElo "2450"]

1.Nf3 d5 2.g3 Nf6 3.Bg2 c6 4.O-O Bf5 5.d3 e6 6.Nbd2 Be7 7.b3 Nbd7 8.Bb2 h6
9.e4 dxe4 10.dxe4 Bh7 11.Qe2 O-O 12.Rad1 a5 13.a3 Qb6 14.e5 Nd5 15.Ne4 Nc5
16.Nfd2 Rfd8 17.Nxc5 Qxc5 18.c4  1/2-1/2

[Event "Kamen Piskov mem 2"]
[Site "Ruse"]
[Date "1978.??.??"]
[Round "11"]
[White "Spiridonov, Nikola"]
[Black "Lukacs, Peter"]
[Result "1-0"]
[WhiteElo "2405"]
[BlackElo "2460"]

1.g3 d5 2.Nf3 Nf6 3.c4 dxc4 4.Qa4+ Nc6 5.Qxc4 Nd7 6.Bg2 e5 7.O-O Be7 8.d3 O-O
9.Nbd2 Nb6 10.Qc2 f5 11.a3 a5 12.b3 Bf6 13.Bb2 Kh8 14.e3 Be6 15.Rac1 Qe8
16.Qb1 Rd8 17.Rfd1 f4 18.Re1 fxe3 19.Rxe3 Nd5 20.Ree1 Qh5 21.Rxc6 bxc6 22.Nxe5 Bh3
23.Bf3 Qh6 24.Ndc4 Bxe5 25.Nxe5 Rde8 26.Nf7+  1-0

[Event "Sao Paulo"]
[Site "Sao Paulo"]
[Date "1978.??.??"]
[Round "11"]
[White "Dorfman, Josif D"]
[Black "Castro Rojas, Oscar Humberto"]
[Result "1/2-1/2"]
[WhiteElo "2550"]
[BlackElo "2425"]

1.Nf3 d5 2.g3 Nc6 3.Bg2 e5 4.d3 Nf6 5.O-O Be7 6.c4 O-O 7.cxd5 Nxd5 8.Nc3 Be6
9.d4 exd4 10.Nb5 d3 11.Qxd3 Ncb4 12.Qb1 c5 13.a3 Nc6 14.e4 Nc7 15.Nxc7 Qxc7
16.Be3 Rac8 17.Qc2 Qa5 18.Rfd1 h6 19.h3 Rfd8 20.Bf1 Nd4 21.Bxd4 cxd4 22.Qd2 Qh5
23.Nxd4 Bf6 24.Qe3 Bxh3 25.Bxh3 Qxh3 26.e5 Re8 27.Nf3 Qf5 28.Qf4 Qxf4 29.gxf4 Bd8
30.Rac1 Bb6 31.Kg2 Red8 32.Rxc8 Rxc8 33.Rd2 Kf8 34.Kg3 Ke7 35.Nd4 g6 36.Nb5 Rc4
37.Nd6 Rd4 38.Rc2 f6 39.Nxb7 fxe5 40.fxe5 Ke6 41.f4 Rd3+ 42.Kg2 g5  1/2-1/2

[Event "SWE-ch"]
[Site "SWE"]
[Date "1978.??.??"]
[Round "?"]
[White "Karlsson, Lars"]
[Black "Jansson, Borje"]
[Result "1/2-1/2"]
[WhiteElo "2360"]
[BlackElo "2395"]

1.Nf3 d5 2.g3 g6 3.Bg2 Bg7 4.O-O e5 5.c4 d4 6.e3 Ne7 7.exd4 exd4 8.d3 O-O
9.Re1 Nbc6 10.Nbd2 h6 11.Ne4 b6 12.Bf4 g5 13.Bc1 Bd7 14.b3 Rb8 15.Ba3 Re8
16.b4 g4 17.b5 gxf3 18.bxc6 Nxc6 19.Bxf3 Ne5 20.Bh5 Bc6 21.Qc2 Qd7 22.f4 Ng4
23.Bxg4 Qxg4 24.Qg2  1/2-1/2

[Event "SWE-ch"]
[Site "SWE"]
[Date "1978.??.??"]
[Round "?"]
[White "Karlsson, Lars"]
[Black "Bengtsson, Bo"]
[Result "1/2-1/2"]
[WhiteElo "2360"]
[BlackElo "2350"]

1.Nf3 d5 2.g3 c6 3.Bg2 Bg4 4.O-O Nd7 5.c4 e6 6.d3 Bd6 7.Nc3 Ne7 8.cxd5 cxd5
9.Qa4 Bxf3 10.Bxf3 O-O 11.Nb5 Be5 12.d4 Bb8 13.Nc3 Nb6 14.Qd1 Bd6 15.Nb5 Bb8
16.b3 a6 17.Nc3 Bd6 18.e4 Bb4 19.Bb2 Rc8 20.Rc1 Bxc3 21.Bxc3 dxe4 22.Bxe4 Nbd5
23.Bb2 Qa5 24.a3 Rxc1 25.Qxc1 Rc8 26.Qb1 f5 27.Bd3 Rc6 28.b4 Qc7 29.Qa2 b5
30.Re1 Kf7 31.Qb3 Qd6 32.Qd1 Nf6 33.Qe2 Ned5 34.Qe5 Qc7 35.Qe2 Qd6 36.Qd2 Nb6
37.Re5 Nc4 38.Qe2 g6 39.Rc5 Nxb2 40.Qxb2 Rc7 41.Qc3 Rd7 42.Rc6 Qxd4 43.Qxd4 Rxd4
44.Bf1 Ne4 45.Rxa6 Rd1 46.Kg2 Rd2 47.Bxb5 Rxf2+ 48.Kg1 Rb2 49.Bc6 Nc3 50.Ra5 Kf6
51.b5 Ne2+ 52.Kf1 Nd4 53.a4 e5 54.Ra6 Kg5 55.Ra7 e4 56.Rd7 Nc2 57.a5 Kg4
58.Ke2 Nd4+ 59.Ke3 Nxb5 60.a6 Rb3+ 61.Kf2 Rb2+ 62.Ke3 Rb3+ 63.Kf2 Rb2+  1/2-1/2

[Event "Titovo Uzice"]
[Site "Titovo Uzice"]
[Date "1978.??.??"]
[Round "?"]
[White "Kovacevic, Vlatko"]
[Black "Bagirov, Vladimir"]
[Result "0-1"]
[WhiteElo "2505"]
[BlackElo "2495"]

1.Nf3 d5 2.g3 Bg4 3.Bg2 Nd7 4.c4 c6 5.cxd5 cxd5 6.Qb3 Nc5 7.Qe3 e6 8.O-O Nf6
9.d4 Ncd7 10.a4 Be7 11.a5 a6 12.Qb3 b5 13.Bd2 Rc8 14.Nc3 Ne4 15.Rfd1 Nxd2
16.Rxd2 O-O 17.e3 Qc7 18.Ne1 Bf5 19.e4 dxe4 20.Nxe4 Rfd8 21.Qe3 Nf6 22.Nxf6+ Bxf6
23.Nf3 h6 24.h4 Qd6 25.Rad1 Qb4 26.Ne5 Bc2 27.Nc6 Rxc6 28.Bxc6 Bxd1 29.Rxd1 Bxd4
30.Qe1 Qd6  0-1

[Event "Tramandai zt"]
[Site "Tramandai"]
[Date "1978.??.??"]
[Round "1"]
[White "Dienavorian, Manuel"]
[Black "Estrada Degrandi, Walter"]
[Result "1/2-1/2"]
[WhiteElo "2415"]
[BlackElo "2205"]

1.Nf3 d5 2.g3 g6 3.Bg2 Bg7 4.O-O e5 5.d3 Ne7 6.e4 O-O 7.Nc3 d4 8.Ne2 c5 9.Nd2 Nbc6
10.f4 f6 11.Nf3 Qd6 12.h3 Be6 13.g4 exf4 14.Bxf4 Ne5 15.Qd2 N7c6 16.b3 a6
17.Bh2 Qd7 18.Nf4  1/2-1/2

[Event "URS-ch U26"]
[Site "Vilnius"]
[Date "1978.??.??"]
[Round "3"]
[White "Petrosian, Arshak B"]
[Black "Dolmatov, Sergey"]
[Result "1/2-1/2"]
[WhiteElo "2415"]
[BlackElo "2495"]

1.Nf3 d5 2.g3 Nf6 3.Bg2 c6 4.c4 dxc4 5.a4 h6 6.Na3 Be6 7.O-O g6 8.Qc2 Na6
9.Nxc4 Nb4 10.Qc3 a5 11.b3 Bg7 12.Bb2 O-O 13.d3 Bd5 14.Rfd1 c5 15.e4 Bc6
16.Rab1 Rc8 17.Qe1 Nd7 18.Bxg7 Kxg7 19.Ne3 Nf6 20.d4 Nxe4 21.d5 Bd7 22.Ne5 Nd6
23.Qc3 f6 24.Nxd7 Qxd7 25.h4 e5 26.dxe6 Qxe6 27.Nc4 Nxc4 28.bxc4 Rc7 29.Re1 Qf7
30.Rbd1 Re8 31.Rxe8 Qxe8 32.Rd6 Qe7 33.Rb6 h5 34.Qd2 Rd7 35.Qxd7 Qxd7 36.Rxb7 Qxb7
37.Bxb7 Nd3 38.Bc6 g5 39.Kg2 gxh4 40.gxh4 f5 41.Bb5 Kf6 42.Kf3  1/2-1/2

[Event "URS-ch U26"]
[Site "Vilnius"]
[Date "1978.??.??"]
[Round "5"]
[White "Petrosian, Arshak B"]
[Black "Agzamov, Georgy"]
[Result "1/2-1/2"]
[WhiteElo "2415"]
[BlackElo "2390"]

1.Nf3 d5 2.g3 c5 3.Bg2 Nc6 4.d4 Nf6 5.O-O e6 6.c4 dxc4 7.Qa4 Bd7 8.Qxc4 cxd4
9.Nxd4 Rc8 10.Nc3 Nxd4 11.Qxd4 Bc5 12.Qh4 Bc6 13.Bxc6+ Rxc6 14.Rd1 Qb6 15.Bg5 Be7
16.Ne4 Nxe4 17.Bxe7 Qxf2+ 18.Kh1 f6 19.Qg4 Qe1+ 20.Kg2 Qf2+  1/2-1/2

[Event "URS-ch U26"]
[Site "Vilnius"]
[Date "1978.??.??"]
[Round "7"]
[White "Zaichik, Gennadi"]
[Black "Panchenko, Alexander N"]
[Result "1/2-1/2"]
[WhiteElo "2470"]
[BlackElo "2495"]

1.Nf3 d5 2.g3 g6 3.Bg2 Bg7 4.O-O e5 5.d3 Ne7 6.Nbd2 O-O 7.e4 Nbc6 8.c3 a5
9.a4 h6 10.exd5 Nxd5 11.Nc4 Bf5 12.Qb3 Bxd3 13.Rd1 Bxc4 14.Qxc4 Nb6 15.Qb3 Qe7
16.h4 e4 17.Re1 Kh8 18.Nh2 f5 19.Be3 Ne5 20.Bf1 Qf7 21.Qxf7 Rxf7 22.Bxb6 cxb6
23.Rad1 Bf8 24.Bb5 Bc5 25.Rd5 Re7 26.Kg2 Rf8 27.Re2 Kg7 28.f3 Nc6 29.Nf1 Rf6
30.Nd2 Rfe6 31.fxe4 fxe4 32.Nb3 Bd6 33.Rd1 Rf6 34.Nd4 Nxd4 35.Rxd4 e3 36.Rd3 Bc5
37.b4 axb4 38.cxb4 Bxb4 39.Rdxe3 Rxe3 40.Rxe3 Bc5  1/2-1/2

[Event "URS-ch U26"]
[Site "Vilnius"]
[Date "1978.??.??"]
[Round "9"]
[White "Vladimirov, Evgeny"]
[Black "Mikhalchishin, Adrian"]
[Result "0-1"]
[WhiteElo "2445"]
[BlackElo "2460"]

1.Nf3 d5 2.g3 Nf6 3.Bg2 e6 4.O-O Be7 5.b3 O-O 6.Bb2 b5 7.c4 a6 8.d4 Bb7 9.Nbd2 c5
10.cxd5 Bxd5 11.dxc5 Bxc5 12.e4 Nxe4 13.Nxe4 Bxe4 14.Qe1 Bd5 15.Qc3 Qf6 16.Qxf6 gxf6
17.Bxf6 Nd7 18.Bb2 Rac8 19.Rac1 Be7 20.Nd2 Bxg2 21.Kxg2 Nc5 22.Ba3 Nxb3 23.Rxc8 Rxc8
24.Bxe7 Nxd2 25.Re1 Kg7 26.Re2 Nb1 27.Re4 Rc4 28.Rxc4 bxc4 29.Kf3 Nc3 30.a3 f5
31.Bd6 Kf6 32.Ke3 e5 33.f3 Ke6 34.Bf8 Kf7 35.Bc5 Ke6 36.h3 Nd5+ 37.Kd2 f4
38.g4 e4 39.fxe4 Nf6 40.Ke2 Nxe4 41.Bd4 c3 42.h4  0-1

[Event "URS-ch U26"]
[Site "Vilnius"]
[Date "1978.??.??"]
[Round "14"]
[White "Petrosian, Arshak B"]
[Black "Panchenko, Alexander N"]
[Result "1-0"]
[WhiteElo "2415"]
[BlackElo "2495"]

1.Nf3 d5 2.g3 Nf6 3.Bg2 c5 4.O-O Nc6 5.d4 e6 6.c4 Be7 7.cxd5 exd5 8.Nc3 O-O
9.b3 Bg4 10.Bb2 Re8 11.Rc1 Rc8 12.dxc5 Bxc5 13.Nxd5 Bxf2+ 14.Rxf2 Nxd5 15.Ne5 Ne3
16.Qxd8 Nxd8 17.Nxg4 Rxc1+ 18.Bxc1 Nxg4 19.Rf1 Nc6 20.Rd1 Rd8 21.Rxd8+ Nxd8
22.Bf4 Kf8 23.Bf3 Nf6 24.Kf2 Ke7 25.Ke3 Nd7 26.Kd2 Nf8 27.Be3 a6 28.Kc3 Nfe6
29.Kb4 Kd6 30.Ka5 Kc7 31.Bb6+ Kc8 32.Bxd8 Nxd8 33.Kb6 Kb8 34.Bd5 h6 35.e3 Kc8
36.a4 Kb8 37.a5 Kc8 38.e4 Kb8 39.e5 Kc8 40.b4 Kb8 41.h4 Kc8 42.h5 Kb8 43.Be4 f6
44.e6 Nxe6 45.Bxb7 f5 46.Bxa6 f4 47.gxf4  1-0

[Event "Vilnius"]
[Site "Vilnius"]
[Date "1978.??.??"]
[Round "14"]
[White "Tukmakov, Vladimir B"]
[Black "Damjanovic, Mato"]
[Result "1-0"]
[WhiteElo "2560"]
[BlackElo "2455"]

1.Nf3 d5 2.g3 e6 3.Bg2 c5 4.O-O Nf6 5.c4 Nc6 6.cxd5 exd5 7.d4 Be7 8.Nc3 O-O
9.Be3 cxd4 10.Nxd4 Re8 11.Rc1 h6 12.Qc2 Bf8 13.Rfd1 Bg4 14.h3 Bd7 15.a3 Rxe3
16.fxe3 Qb8 17.g4 Qg3 18.Nf3 h5 19.Nxd5 Nxd5 20.Rxd5 hxg4 21.Ng5 g6 22.Rxd7 Qxe3+
23.Kh1 Qxg5 24.Bxc6 bxc6 25.Qc4 Qh6 26.Rc3 Bg7 27.Rxf7 Kh8 28.Rd3 Re8 29.Qxg4 Qc1+
30.Kg2 Qxb2 31.Re7 Rxe7 32.Qh4+ Kg8 33.Qxe7  1-0

[Event "URS-ch U26"]
[Site "Vilnius"]
[Date "1978.??.??"]
[Round "15"]
[White "Vladimirov, Evgeny"]
[Black "Zaichik, Gennadi"]
[Result "1-0"]
[WhiteElo "2445"]
[BlackElo "2470"]

1.Nf3 d5 2.g3 g6 3.Bg2 Bg7 4.d4 Nf6 5.O-O O-O 6.c4 dxc4 7.Na3 c3 8.bxc3 c5
9.Qb3 Nc6 10.Rd1 Qd5 11.Ne5 Qxb3 12.axb3 Be6 13.Bxc6 Rac8 14.Ba4 Ne4 15.Bb2 cxd4
16.cxd4 Rfd8 17.b4 Nc3 18.Bxc3 Rxc3 19.Nb5  1-0

[Event "Wellington"]
[Site "Wellington"]
[Date "1978.??.??"]
[Round "?"]
[White "Sharif, Mershad"]
[Black "Mascarinas, Rico"]
[Result "1/2-1/2"]
[WhiteElo "2380"]
[BlackElo "2355"]

1.g3 d5 2.Nf3 Nf6 3.Bg2 c6 4.O-O g6 5.d3 Bg7 6.Nbd2 O-O 7.e4 dxe4 8.dxe4 Re8
9.c3 e5 10.Qe2 Qc7 11.a4 Be6 12.Nc4 Nbd7 13.h3 Bxc4 14.Qxc4 h6  1/2-1/2

[Event "Schacknytts Jubileumsturnering"]
[Site "Malmo"]
[Date "1979.12.01"]
[Round "6"]
[White "Karlsson, Lars"]
[Black "Wedberg, Tom"]
[Result "1-0"]
[WhiteElo "2375"]
[BlackElo "2425"]

1.Nf3 d5 2.g3 Nf6 3.Bg2 c5 4.c4 e6 5.O-O Nc6 6.Na3 Be7 7.d4 cxd4 8.Nxd4 O-O
9.cxd5 exd5 10.Nac2 Re8 11.b3 Bg4 12.h3 Bd7 13.Bb2 Ne4 14.Rc1 Bf6 15.Ba1 Rc8
16.e3 Qe7 17.Ne2 Bxa1 18.Rxa1 Be6 19.Rc1 Ne5 20.Ncd4 Rxc1 21.Qxc1 Rc8 22.Qd1 Qb4
23.Nf4 Nd2 24.Re1 Ne4 25.a3 Qc3 26.Re2 Qc1 27.Qxc1 Rxc1+ 28.Kh2 a6 29.a4 Rc3
30.Rb2 g5 31.Nfe2 Rc8 32.f3 Nf2 33.f4 gxf4 34.exf4 Ned3 35.Rd2 b5 36.axb5 axb5
37.f5 Bd7 38.Bxd5 Rc5 39.Bg2 Bxf5 40.Nxf5 Rxf5 41.Nf4  1-0

[Event "DEN-ch"]
[Site "Alborg"]
[Date "1979.??.??"]
[Round "1"]
[White "Sorensen, Bent"]
[Black "Fries Nielsen, Jens Ove"]
[Result "1/2-1/2"]
[WhiteElo "2305"]
[BlackElo "2310"]

1.g3 d5 2.Nf3 Nf6 3.Bg2 c6 4.O-O Bg4 5.h3 Bh5 6.d3 e6 7.Nbd2 Be7 8.e4 O-O
9.Qe2 c5 10.g4 Bg6 11.Ne5 dxe4 12.dxe4 Nfd7 13.Ndc4 Nxe5 14.Nxe5 Nc6 15.Nxc6 bxc6
16.e5 Qc8 17.Be3 Rb8 18.b3 Rd8 19.Rad1 Qc7 20.Rxd8+ Rxd8 21.f4 h6 22.Qc4 Bh7
23.Qc3 Qb6 24.Kh1 Qb5 25.Rf2 Qb4 26.Qxb4 cxb4 27.Bxc6 Rc8 28.Bb5 Rc3 29.Bd4 Bxc2
30.Kh2 Be4 31.Re2 Bb1 32.Bxa7 Bh4 33.Bf2 Bxf2 34.Rxf2 g5 35.fxg5 hxg5 36.Be8 Bg6
37.Re2 Rc5 38.h4 gxh4 39.Kh3 Kf8 40.Ba4 Bd3 41.Re3 Bb1  1/2-1/2

[Event "DEN-ch"]
[Site "Alborg"]
[Date "1979.??.??"]
[Round "5"]
[White "Ost Hansen, Jacob"]
[Black "Hvenekilde, Jorgen"]
[Result "1-0"]
[WhiteElo "2380"]
[BlackElo "2285"]

1.Nf3 d5 2.g3 Nf6 3.Bg2 c6 4.O-O Bg4 5.d3 Qc8 6.Nbd2 Bh3 7.e4 Bxg2 8.Kxg2 e6
9.Qe2 Be7 10.c4 O-O 11.b3 Nbd7 12.Bb2 dxe4 13.dxe4 Rd8 14.e5 Ne8 15.Ne4 Qc7
16.Qe3 b6 17.Bd4 c5 18.Bc3 Nb8 19.h4 Nc6 20.Neg5 h6 21.Qf4 hxg5 22.hxg5 g6
23.Rh1 Bf8 24.Rh3 Bg7 25.Rah1 Kf8 26.Rh8+ Ke7 27.R1h7 Kd7 28.Qxf7+ Ne7 29.Rg8 Qc6
30.Kh2 a5 31.Nh4 Qe4 32.Rgxg7 Nxg7 33.Qxg7 Re8 34.Qf6 Kc6 35.Qxe6+ Kb7 36.Qd5+ Qxd5
37.cxd5  1-0

[Event "URS-ch otbor"]
[Site "Beltsy"]
[Date "1979.??.??"]
[Round "?"]
[White "Godes, Dmitry R"]
[Black "Zaichik, Gennadi"]
[Result "1/2-1/2"]
[WhiteElo "2400"]
[BlackElo "2465"]

1.Nf3 d5 2.g3 g6 3.c4 d4 4.b4 Bg7 5.d3 e5 6.Nbd2 b6 7.Bg2 Bb7 8.O-O Ne7 9.a4 a6
10.Nb3 Nd7 11.a5 O-O 12.axb6 cxb6 13.Ba3 Re8 14.Qd2 Nf5 15.c5 e4 16.dxe4 Bxe4
17.Rad1 bxc5 18.bxc5 Ne5 19.Nbxd4 Nxd4 20.Nxd4 Bxg2 21.Kxg2 Nc4 22.Qa2 Nxa3
23.Nf5 Qa5 24.Nxg7 Kxg7 25.Rd3 Qxc5 26.Rxa3 Rxe2 27.Qa1+ Kg8 28.Rxa6  1/2-1/2

[Event "URS-ch otbor"]
[Site "Beltsy"]
[Date "1979.??.??"]
[Round "?"]
[White "Petrosian, Arshak B"]
[Black "Malevinsky, Alexander A"]
[Result "1/2-1/2"]
[WhiteElo "2430"]
[BlackElo "2440"]

1.Nf3 d5 2.g3 Nf6 3.Bg2 Bf5 4.O-O e6 5.d3 c6 6.Nbd2 h6 7.b3 Bc5 8.Bb2 O-O
9.e3 Nbd7 10.Qe2 a5 11.a4 Qc7 12.e4 Bh7 13.e5 Ne8 14.Kh1 Be7 15.Rae1 b5 16.axb5 cxb5
17.Nd4 a4 18.f4 Qb6 19.f5 Bc5 20.Rf4 g5 21.fxg6 Bxg6 22.N2f3 Ng7 23.Qd2 axb3
24.Nxb3 Ra2 25.Bd4 Bxd4 26.Nbxd4 b4 27.Rh4 h5 28.g4 Rfa8 29.gxh5 Nxh5 30.Rg1 b3
31.Nxb3 Qxb3 32.cxb3 Rxd2 33.Nxd2 Nxe5 34.Rxh5 Nxd3 35.Bf1 Nf2+ 36.Kg2 Ng4
37.Rg5 Nf6 38.Kf2 Ra2 39.Ke1 Kf8 40.Rxg6 fxg6 41.Rxg6 Kf7 42.Bd3 e5 43.Bf5 e4
44.Rg3 Ke7 45.b4 Kd6 46.b5 Ke5 47.Bg6 Nd7 48.Rb3 Kf4 49.b6 Ra6 50.Bxe4 dxe4
51.b7 Rh6 52.Nf1 Rh8 53.Ke2 Ke5 54.h3 Rb8 55.Ng3 Nc5 56.Rb5 Kd5 57.Ke3 Rxb7
58.Rxb7 Nxb7 59.Nxe4 Ke5 60.h4  1/2-1/2

[Event "JUG-34ch"]
[Site "Bjelovar"]
[Date "1979.??.??"]
[Round "3"]
[White "Todorcevic, Miodrag"]
[Black "Simic, Radoslav"]
[Result "1/2-1/2"]
[WhiteElo "2455"]
[BlackElo "2420"]

1.Nf3 d5 2.g3 g6 3.Bg2 Bg7 4.O-O Nf6 5.c4 c6 6.cxd5 cxd5 7.d3 Nc6 8.Nbd2 O-O
9.Nb3 e5 10.Bg5 h6 11.Bd2 Re8 12.Rc1 Qb6 13.a4 e4 14.a5 Qa6 15.Ne1 Bf5 16.Nc5 Qb5
17.Qb3 Qxb3 18.Nxb3 Rec8 19.Bc3 b6 20.axb6 axb6 21.dxe4 Nxe4 22.Bxg7 Kxg7
23.Nd3 g5 24.Rfd1 Ra4 25.Ne1 Na5 26.Rxc8 Bxc8 27.Nxa5 Rxa5 28.f3 Nf6 29.Kf2 Ra2
30.Rd2 Bf5 31.g4 Bg6 32.e3 h5 33.h3 Ra4 34.gxh5 Bxh5 35.Nc2 Bg6 36.Nd4 Ra5
37.Ne2 Ra4 38.Nc3 Rb4 39.Bf1 Bf5 40.Kg3 Be6 41.Ne2 Nh5+ 42.Kf2 Kf6 43.Nd4 Ng7
44.e4  1/2-1/2

[Event "JUG-34ch"]
[Site "Bjelovar"]
[Date "1979.??.??"]
[Round "11"]
[White "Notaros, Krasoje"]
[Black "Rukavina, Josip"]
[Result "1/2-1/2"]
[WhiteElo "2370"]
[BlackElo "2420"]

1.Nf3 d5 2.g3 c6 3.Bg2 Bg4 4.O-O Nd7 5.d4 e6 6.b3 Ngf6 7.c4 Be7 8.Bb2 O-O
9.Nc3 a6 10.Nd2 b5 11.h3 Bh5 12.cxd5 cxd5 13.Qe1 Rc8 14.a3 b4 15.Na4 bxa3
16.Bxa3 Bxa3 17.Rxa3 Qe7 18.Ra2 Qb4 19.e3 Rc6 20.Rb2 a5 21.Nc4 Rxc4 22.bxc4 Qxa4
23.cxd5 Nxd5 24.Qa1 Qxa1 25.Rxa1 f5 26.Rxa5 Bf7 27.Rb7 Rd8 28.Raa7 Be8 29.Ra6 Nf8
30.Raa7 Rd7 31.Bxd5 exd5 32.Kg2 Kf7 33.Rxd7+ Nxd7 34.Kf3 g5 35.h4 h6 36.hxg5 hxg5
37.g4 Kg6 38.Ra5 fxg4+ 39.Kxg4 Nf6+ 40.Kg3 Ne4+ 41.Kg2 Nd2 42.Kg3 Bf7 43.f3 Nc4
44.Ra6+ Kf5 45.e4+ dxe4 46.fxe4+ Kxe4 47.Kg4  1/2-1/2

[Event "BCF-ch"]
[Site "Chester"]
[Date "1979.??.??"]
[Round "4"]
[White "Morrison, Graham"]
[Black "Mestel, A Jonathan"]
[Result "1/2-1/2"]
[WhiteElo "2220"]
[BlackElo "2475"]

1.Nf3 d5 2.g3 Nf6 3.Bg2 c6 4.b3 e6 5.Bb2 Be7 6.O-O O-O 7.d3 a5 8.a3 Qb6 9.Nbd2 Nbd7
10.c4 Rd8 11.Qc2 Nf8 12.Rac1 Ng6 13.d4 Bd7 14.Ne5 Be8 15.Ndf3 Ne4 16.Nxg6 hxg6
17.Ne5 f6 18.c5 Qc7 19.Nd3 f5 20.f3 Nf6 21.Ne5 Nd7 22.Nxd7 Bxd7 23.e4 Kf7
24.Rce1 Bf6 25.Re2 Rh8 26.Rfe1 Rh7 27.exf5 gxf5 28.f4 Rah8 29.Bh1 g5 30.Rf1 Rg7
31.Qd2 b6 32.b4 bxc5 33.dxc5 Bxb2 34.Qxb2 gxf4 35.Rxf4 Qxf4 36.Qxg7+ Kxg7
37.gxf4 Rh3 38.b5 Rxa3 39.bxc6 Bc8 40.Rb2 Ra1+ 41.Kg2 e5 42.Rb7+ Kf6 43.Rb8  1/2-1/2

[Event "BCF-ch"]
[Site "Chester"]
[Date "1979.??.??"]
[Round "7"]
[White "Morrison, Graham"]
[Black "Baker, Chris W"]
[Result "1-0"]
[WhiteElo "2220"]
[BlackElo "2275"]

1.Nf3 d5 2.g3 Nc6 3.Bg2 e5 4.d3 Be7 5.O-O Nf6 6.Nbd2 e4 7.Ne1 Bf5 8.c4 dxc4
9.Nxc4 O-O 10.Bf4 Nd4 11.Ne3 Bg6 12.dxe4 Nxe4 13.Bxc7 Qxc7 14.Nd5 Qd7 15.Nxe7+ Qxe7
16.Qxd4 Nf6 17.Nd3 Qxe2 18.Nf4 Qa6 19.Nxg6 hxg6 20.Qb4 Rab8 21.Rfe1 Rfe8
22.Rxe8+ Rxe8 23.Qxb7 Qxb7 24.Bxb7 Rb8 25.Bf3 Rxb2 26.a4 Nd7 27.Re1 Nc5 28.Re8+ Kh7
29.Ra8 a6 30.Bd5 f5 31.h4 g5 32.hxg5 Kg6 33.Ra7 Rb6 34.Kg2 Nxa4 35.f4 Kh7
36.Bf7 Rb8 37.Rxa6 Nc5 38.g6+ Kh6 39.Ra1 Rb2+ 40.Kf3 Rh2 41.Ra8  1-0

[Event "BCF-ch"]
[Site "Chester"]
[Date "1979.??.??"]
[Round "11"]
[White "Cummings, David H"]
[Black "Littlewood, Paul E"]
[Result "0-1"]
[WhiteElo "2265"]
[BlackElo "2405"]

1.Nf3 d5 2.g3 Bg4 3.Bg2 Nd7 4.c4 c6 5.cxd5 cxd5 6.Qa4 Nf6 7.Ne5 Qc7 8.Nd3 e6
9.Nc3 Be7 10.h3 Bf5 11.O-O Bxd3 12.exd3 O-O 13.d4 a6 14.d3 b5 15.Qb3 Qb6
16.Be3 Ne8 17.Rfc1 Bf6 18.Ne2 Nd6 19.Rc2 Rac8 20.Rac1 Qb7 21.Bf4 Be7 22.Bxd6 Bxd6
23.f4 Nb6 24.Rxc8 Rxc8 25.Rxc8+ Nxc8 26.h4 Ne7 27.Bh3 h5 28.Kf2 Qb6 29.Ke3 g6
30.Qc2 Nc6 31.Bg2 Nxd4 32.Nxd4 Bc5 33.Kf3 Bxd4 34.Bh3 Kg7 35.Qe2 Qc5 36.b3 Qc1
37.Bf1 Qa1 38.g4 hxg4+ 39.Kxg4 Qc1 40.Kf3 Bf6 41.Kg3 a5 42.Bg2 a4 43.bxa4 bxa4
44.Bh3 Qg1+ 45.Bg2 Bxh4+  0-1

[Event "Dortmund"]
[Site "Dortmund"]
[Date "1979.??.??"]
[Round "7"]
[White "Jansa, Vlastimil"]
[Black "Perecz, Laszlo"]
[Result "1-0"]
[WhiteElo "2495"]
[BlackElo "2315"]

1.Nf3 d5 2.g3 Bf5 3.Bg2 c6 4.O-O e6 5.d3 h6 6.Nbd2 Nf6 7.b3 Nbd7 8.Bb2 Bc5
9.Qe1 O-O 10.e4 dxe4 11.dxe4 Bh7 12.Qe2 Qc7 13.e5 Nd5 14.Ne4 Be7 15.c4 N5b6
16.Rad1 Rad8 17.Qe3 Bxe4 18.Qxe4 Nc5 19.Qe2 Rxd1 20.Rxd1 Rd8 21.Nd4 Rd7 22.f4 Qd8
23.Bf3 Na6 24.Kg2 Bc5 25.Nc2 Rxd1 26.Qxd1 Qxd1 27.Bxd1 Nb4 28.Nxb4 Bxb4 29.h4 Nd7
30.h5 f6 31.exf6 gxf6 32.Kf3 Kf7 33.g4 Bd2 34.Bc2 Ke7 35.Ba3+ Kf7 36.Bg6+ Kg7
37.Bd6 Nb6 38.Bc5 Nc8 39.Be8 Nb6 40.Ke4 Bc1 41.Bb4 Na8 42.Bd7 Kf7 43.f5 e5
44.Bc8 b5 45.Bb7 Nb6 46.Bxc6  1-0